[Event "ESP chT Honor Division 2019"]
[Site "Melilla"]
[Date "2019.10.03"]
[Round "4.24"]
[White "Ramiro Ovejero, Juan Luis"]
[Black "Milliet, Sophie"]
[Result "1/2-1/2"]
[WhiteElo "2350"]
[BlackElo "2400"]
[Annotator "TA"]
[PlyCount "129"]
[EventDate "2019.09.30"]
[EventType "team-tourn"]
[EventCountry "ESP"]
[SourceTitle "playchess.com"]
[Source "ChessBase"]
[SourceQuality "1"]

{[%evp 16,129,14,0,8,0,0,0,0,0,0,0,0,-22,-18,-47,-47,-72,-80,-88,-64,-121,-85,-91,-91,-110,-106,-106,-99,-102,-83,-127,-125,-125,-118,-146,-114,-119,-119,-119,-119,-125,-125,-143,-102,-102,-102,-92,-99,-129,-95,-124,-110,-137,-124,-118,-105,-100,-67,-57,-8,-8,-8,-8,-8,-8,-8,-8,-8,-8,-8,-8,-8,-177,0,0,0,0,0,0,0,0,0,0,0,0,0,0,0,0,0,0,0,0,0,0,0,0,0,0,0,0,0,0,0,0,0,0,0,0,0,0,0,0,0,0]} 1. e4 c5 2. c3 Nf6 3. e5 Nd5 4. Nf3 Nc6 5. d4 cxd4 6. cxd4 d6 7. Bc4 dxe5 8. dxe5 Ndb4 9. Qb3 e6 {B22: Sicilian: 2 c3} 10. O-O Na5 11. Bb5+ Bd7 12. Qa4 $1 Bxb5 13. Qxb5+ Nac6 14. Bg5 (14. Nc3 a6 15. Qc4 Qd3 16. Qg4 Qg6 17. Qxg6 hxg6 {0-1 (49) Potapov,P (2516)-Demchenko,A (2679) St Petersburg 2018}) 14... Qd5 $36 {[%mdl 2048] Black has good play.} 15. Qe2 $146 (15. Qxb7 $2 Rb8 $19) ({Predecessor:} 15. Nc3 Qxb5 16. Nxb5 h6 17. Be3 {½-½ (44) Fleury,F (2347)-Doderer,H (2467) Remote email 2014}) 15... Qd3 $1 {[%cal Rd3e2]} 16. Qxd3 Nxd3 17. Nc3 h6 18. Nb5 ({White should try} 18. Be3 $1 $15) 18... Rc8 19. Be3 {[#]} a6 $1 {[%cal Ra6b5]} ({Much worse is} 19... Ncxe5 $6 20. Nxe5 Nxe5 21. Nxa7 $14) (19... Nxb2 $6 20. Rab1 $11) (19... Ndxe5 $6 20. Nxe5 Nxe5 21. Nxa7 $14) 20. Na7 Nxa7 21. Bxa7 Bc5 ({But not} 21... Nxb2 $6 22. Rfb1 $11) 22. Bxc5 Rxc5 23. b4 Rd5 24. a3 Ke7 25. Ra2 Nxe5 26. Nxe5 Rxe5 $17 {[%mdl 4096] Endgame KRR-KRR} 27. Rc2 Rd8 28. g3 Red5 29. Kg2 Rd1 30. Rxd1 Rxd1 {KR-KR} 31. Rc7+ Rd7 32. Rc3 e5 33. g4 Ke6 34. h4 f5 35. gxf5+ Kxf5 36. Rc5 Rd3 {aiming for ...b5.} 37. Rc7 b5 38. Rxg7 Rxa3 {next ...Ra4 is good for Black.} 39. h5 $1 Ra4 40. Rg6 Rxb4 41. Rxa6 Kg5 42. Re6 Kxh5 {White should prevent ...e4.} 43. Rxe5+ Kg4 44. f3+ $2 (44. Rd5 $11) 44... Kh4 $2 (44... Kf4 $19 45. Rh5 Rb2+ 46. Kf1 b4) 45. Kf2 $11 {The position is equal.} Rb3 46. Re4+ Kg5 47. Re5+ Kf6 48. Rc5 b4 49. Rb5 Rb1 50. Kg2 b3 51. f4 Kg6 52. Kh2 h5 53. Kg2 h4 54. Kh2 $1 Kf6 55. Kg2 $1 Ke6 56. Kh2 Kd6 {Threatens to win with ...Kc6.} 57. f5 Ke7 58. Rb6 Kf7 {Strongly threatening ...b2.} 59. Kg2 b2 {White must now prevent ...Ke7.} 60. Kh2 {[#]} h3 $1 {[%mdl 512]} 61. f6 (61. Kxh3 Rh1+) 61... Kg6 62. f7+ {[%mdl 64] Decoy} Kxf7 {...Ke7 is the strong threat.} 63. Rb7+ Ke6 64. Rb6+ Kd5 {And now ...Kc4 would win.} 65. Rb8 {Accuracy: White = 64%, Black = 57%.} 1/2-1/2

[Event "ESP chT Honor Division 2019"]
[Site "Melilla"]
[Date "2019.10.04"]
[Round "5.1"]
[White "Banusz, Tamas"]
[Black "Abasov, Nijat"]
[Result "1/2-1/2"]
[WhiteElo "2619"]
[BlackElo "2632"]
[Annotator "ChessBase"]
[PlyCount "61"]
[EventDate "2019.09.30"]
[EventType "team-tourn"]
[EventCountry "ESP"]
[SourceTitle "playchess.com"]
[Source "ChessBase"]
[SourceQuality "1"]
[TimeControl "40/5400+30:1800+30"]

1. d4 {[%emt 0:00:00]} Nf6 {[%emt 0:00:00]} 2. Nf3 {[%emt 0:00:00]} e6 {[%emt 0:00:00]} 3. g3 {[%emt 0:00:00]} d5 {[%emt 0:02:34]} 4. Bg2 {[%emt 0:00:05]} c5 {[%emt 0:00:05]} 5. O-O {[%emt 0:01:05]} Nc6 {[%emt 0:01:29]} 6. c4 {[%emt 0:00:19]} dxc4 {[%emt 0:00:07]} 7. dxc5 {[%emt 0:01:26]} Qxd1 {[%emt 0:00:13]} 8. Rxd1 {[%emt 0:00:03]} Bxc5 {[%emt 0:00:09]} 9. Nbd2 {[%emt 0:00:32]} c3 {[%emt 0:00:10]} 10. bxc3 {[%emt 0:00:07]} O-O {[%emt 0:00:08]} 11. Nb3 {[%emt 0:01:48]} Be7 {[%emt 0:00:11]} 12. c4 {[%emt 0:01:33]} Bd7 {[%emt 0:00:40]} 13. Bb2 {[%emt 0:01:08]} Rfd8 {[%emt 0:01:29]} 14. Nfd4 {[%emt 0:00:58]} Rac8 {[%emt 0:00:18]} 15. Nb5 {[%emt 0:00:24]} b6 {[%emt 0:00:22]} 16. Nd6 {[%emt 0:00:56]} Bxd6 {[%emt 0:02:08]} 17. Rxd6 {[%emt 0:00:06]} Be8 {[%emt 0:00:06]} 18. Rd3 {[%emt 0:00:57]} Nb4 {[%emt 0:00:06]} 19. Rxd8 {[%emt 0:01:07]} Rxd8 {[%emt 0:00:06]} 20. Bc3 {[%emt 0:07:58]} a5 {[%emt 0:08:40]} 21. Nd2 {[%emt 0:21:28]} Bc6 {[%emt 0:09:26]} 22. Bxc6 {[%emt 0:10:39]} Nxc6 {[%emt 0:00:10]} 23. Rb1 {[%emt 0:00:10]} Rb8 {[%emt 0:13:05]} 24. Kg2 {[%emt 0:08:49]} Kf8 {[%emt 0:04:03]} 25. f4 {[%emt 0:01:03]} Nd7 {[%emt 0:02:40]} 26. Ne4 {[%emt 0:13:22]} f6 {[%emt 0:00:29]} 27. Kf2 {[%emt 0:03:46]} Ke7 {[%emt 0:02:31]} 28. a3 {[%emt 0:07:36]} f5 {[%emt 0:14:26]} 29. Nd2 {[%emt 0:01:32]} g6 {[%emt 0:00:57]} 30. Ke3 {[%emt 0:04:51]} Nc5 {[%emt 0:03:09]} 31. Nf3 {[%emt 0:01:01]} 1/2-1/2

[Event "ESP chT Honor Division 2019"]
[Site "Melilla"]
[Date "2019.10.04"]
[Round "5.2"]
[White "Idani, Pouya"]
[Black "Kuzubov, Yuriy"]
[Result "1/2-1/2"]
[WhiteElo "2568"]
[BlackElo "2636"]
[Annotator "ChessBase"]
[PlyCount "91"]
[EventDate "2019.09.30"]
[EventType "team-tourn"]
[EventCountry "ESP"]
[SourceTitle "playchess.com"]
[Source "ChessBase"]
[SourceQuality "1"]
[TimeControl "40/5400+30:1800+30"]

1. e4 {[%emt 0:00:00]} e5 {[%emt 0:00:00]} 2. Nf3 {[%emt 0:00:00]} Nf6 {[%emt 0:00:00]} 3. d4 {[%emt 0:00:54]} Nxe4 {[%emt 0:00:17]} 4. Bd3 {[%emt 0:00:06]} d5 {[%emt 0:00:05]} 5. Nxe5 {[%emt 0:00:14]} Nd7 {[%emt 0:00:15]} 6. Nxd7 {[%emt 0:01:32]} Bxd7 {[%emt 0:00:06]} 7. O-O {[%emt 0:00:03]} Bd6 {[%emt 0:05:45]} 8. Nc3 {[%emt 0:00:06]} Nxc3 {[%emt 0:00:57]} 9. bxc3 {[%emt 0:00:04]} O-O {[%emt 0:00:47]} 10. Qh5 {[%emt 0:00:03]} f5 {[%emt 0:00:49]} 11. Re1 {[%emt 0:05:38]} c6 {[%emt 0:30:34]} 12. Bg5 {[%emt 0:00:53]} Qc7 {[%emt 0:01:34]} 13. Re3 {[%emt 0:04:12]} g6 {[%emt 0:14:46]} 14. Qh4 {[%emt 0:00:07]} Rae8 {[%emt 0:02:03]} 15. Rae1 {[%emt 0:02:34]} Rxe3 {[%emt 0:15:30]} 16. Rxe3 {[%emt 0:00:06]} f4 {[%emt 0:00:53]} 17. Re1 {[%emt 0:03:19]} Re8 {[%emt 0:00:43]} 18. f3 {[%emt 0:03:50]} Rxe1+ {[%emt 0:07:12]} 19. Qxe1 {[%emt 0:00:06]} b5 {[%emt 0:01:36]} 20. h4 {[%emt 0:08:05]} Kg7 {[%emt 0:11:04]} 21. Be7 {[%emt 0:12:55]} Kf7 {[%emt 0:00:25]} 22. Bg5 {[%emt 0:00:05]} Kg7 {[%emt 0:01:28]} 23. Be7 {[%emt 0:00:06]} h6 {[%emt 0:00:44]} 24. h5 {[%emt 0:03:56]} g5 {[%emt 0:00:07]} 25. Bg6 {[%emt 0:00:02]} c5 {[%emt 0:01:54]} 26. Bxd6 {[%emt 0:02:17]} Qxd6 {[%emt 0:00:03]} 27. Be8 {[%emt 0:00:05]} Be6 {[%emt 0:01:36]} 28. Bxb5 {[%emt 0:01:01]} c4 {[%emt 0:00:36]} 29. Be8 {[%emt 0:13:14]} Bf5 {[%emt 0:00:09]} 30. Qb1 {[%emt 0:00:11]} Qb6 {[%emt 0:02:05]} 31. Qxb6 {[%emt 0:07:08]} axb6 {[%emt 0:00:04]} 32. Bc6 {[%emt 0:00:04]} Be6 {[%emt 0:00:11]} 33. Kf2 {[%emt 0:00:07]} Kf6 {[%emt 0:01:02]} 34. g4 {[%emt 0:01:58]} fxg3+ {[%emt 0:00:35]} 35. Kxg3 {[%emt 0:00:05]} Bf7 {[%emt 0:00:31]} 36. f4 {[%emt 0:05:47]} Be6 {[%emt 0:00:16]} 37. Be8 {[%emt 0:00:21]} Bf5 {[%emt 0:00:43]} 38. Bc6 {[%emt 0:00:06]} Be4 {[%emt 0:00:44]} 39. Kg4 {[%emt 0:00:39]} gxf4 {[%emt 0:00:22]} 40. Kxf4 {[%emt 0:00:05]} Ke6 {[%emt 0:00:09]} 41. Ba4 {[%emt 0:31:33]} Bh7 {[%emt 0:30:33]} 42. a3 {[%emt 0:00:52]} Be4 {[%emt 0:00:38]} 43. Kg4 {[%emt 0:00:36]} Bf5+ {[%emt 0:00:00]} 44. Kf4 {[%emt 0:00:00]} Be4 {[%emt 0:00:00]} 45. Kg4 {[%emt 0:00:00]} Bf5+ {[%emt 0:00:00]} 46. Kf4 {[%emt 0:00:00] Ke5+ Ke4+} 1/2-1/2

[Event "ESP chT Honor Division 2019"]
[Site "Melilla"]
[Date "2019.10.04"]
[Round "5.3"]
[White "Forcen Esteban, Daniel"]
[Black "Pap, Misa"]
[Result "0-1"]
[WhiteElo "2568"]
[BlackElo "2432"]
[Annotator "ChessBase"]
[PlyCount "74"]
[EventDate "2019.09.30"]
[EventType "team-tourn"]
[EventCountry "ESP"]
[SourceTitle "playchess.com"]
[Source "ChessBase"]
[SourceQuality "1"]
[TimeControl "40/5400+30:1800+30"]

1. d4 {[%emt 0:00:00]} Nf6 {[%emt 0:00:00]} 2. c4 {[%emt 0:00:00]} e6 {[%emt 0:00:00]} 3. Nc3 {[%emt 0:01:21]} Bb4 {[%emt 0:00:10]} 4. e3 {[%emt 0:00:06]} b6 {[%emt 0:02:50]} 5. Nge2 {[%emt 0:00:11]} c5 {[%emt 0:08:12]} 6. a3 {[%emt 0:07:36]} Ba5 {[%emt 0:00:07]} 7. Bd2 {[%emt 0:09:16]} O-O {[%emt 0:08:59]} 8. d5 {[%emt 0:15:38]} exd5 {[%emt 0:29:40]} 9. cxd5 {[%emt 0:03:02]} d6 {[%emt 0:04:55]} 10. g3 {[%emt 0:21:24]} Nbd7 {[%emt 0:10:20]} 11. Bg2 {[%emt 0:00:59]} Ne5 {[%emt 0:00:07]} 12. O-O {[%emt 0:00:43]} a6 {[%emt 0:02:18]} 13. h3 {[%emt 0:04:32]} b5 {[%emt 0:02:13]} 14. b3 {[%emt 0:01:22]} h5 {[%emt 0:05:47]} 15. f4 {[%emt 0:04:02]} Ng6 {[%emt 0:00:05]} 16. e4 {[%emt 0:02:52]} Re8 {[%emt 0:00:03]} 17. f5 {[%emt 0:03:34]} Ne5 {[%emt 0:02:48]} 18. Nf4 {[%emt 0:00:37]} b4 {[%emt 0:03:58]} 19. axb4 {[%emt 0:01:02]} cxb4 {[%emt 0:00:14]} 20. Na4 {[%emt 0:02:15]} Ned7 {[%emt 0:05:18]} 21. Nxh5 {[%emt 0:02:51]} Nxh5 {[%emt 0:00:03]} 22. Qxh5 {[%emt 0:00:05]} Nf6 {[%emt 0:00:01]} 23. Qh4 {[%emt 0:02:13]} Bd7 {[%emt 0:00:04]} 24. Qf4 {[%emt 0:02:56]} Bb5 {[%emt 0:01:18]} 25. Rfe1 {[%emt 0:00:20]} Nd7 {[%emt 0:00:10]} 26. Kh1 {[%emt 0:06:15]} Ne5 {[%emt 0:03:14]} 27. Nb2 {[%emt 0:00:08]} Rc8 {[%emt 0:00:21]} 28. Rec1 {[%emt 0:00:51]} Rc3 {[%emt 0:01:36]} 29. f6 {[%emt 0:03:22]} Ng6 {[%emt 0:03:37]} 30. Qg4 {[%emt 0:01:33]} Bd7 {[%emt 0:03:09]} 31. Qd1 {[%emt 0:02:10]} Rxg3 {[%emt 0:00:21]} 32. Kh2 {[%emt 0:00:05]} Qxf6 {[%emt 0:02:02]} 33. Kxg3 {[%emt 0:02:00]} Qe5+ {[%emt 0:00:09]} 34. Kf2 {[%emt 0:00:00]} Bb6+ {[%emt 0:00:00]} 35. Ke2 {[%emt 0:00:47]} Qxb2 {[%emt 0:00:08]} 36. Ke1 {[%emt 0:00:56]} Qd4 {[%emt 0:02:39]} 37. Qf3 {[%emt 0:00:40]} Ne5 {[%emt 0:00:10]} 0-1

[Event "ESP chT Honor Division 2019"]
[Site "Melilla"]
[Date "2019.10.04"]
[Round "5.4"]
[White "Suarez Real, Alberto"]
[Black "Llorente Zaro, Alfonso"]
[Result "1/2-1/2"]
[WhiteElo "2460"]
[BlackElo "2447"]
[Annotator "ChessBase"]
[PlyCount "89"]
[EventDate "2019.09.30"]
[EventType "team-tourn"]
[EventCountry "ESP"]
[SourceTitle "playchess.com"]
[Source "ChessBase"]
[SourceQuality "1"]
[TimeControl "40/5400+30:1800+30"]

1. e4 {[%emt 0:00:00]} e5 {[%emt 0:00:00]} 2. Nf3 {[%emt 0:00:00]} Nc6 {[%emt 0:00:00]} 3. d4 {[%emt 0:00:19]} exd4 {[%emt 0:00:00]} 4. Nxd4 {[%emt 0:00:04]} Nf6 {[%emt 0:00:18]} 5. Nxc6 {[%emt 0:00:43]} bxc6 {[%emt 0:00:08]} 6. e5 {[%emt 0:00:25]} Qe7 {[%emt 0:00:09]} 7. Qe2 {[%emt 0:00:10]} Nd5 {[%emt 0:00:06]} 8. h4 {[%emt 0:00:48]} d6 {[%emt 0:00:47]} 9. c4 {[%emt 0:01:52]} Nb6 {[%emt 0:01:06]} 10. exd6 {[%emt 0:00:59]} Qxe2+ {[%emt 0:00:33]} 11. Bxe2 {[%emt 0:00:12]} cxd6 {[%emt 0:00:08]} 12. Nc3 {[%emt 0:06:36]} Be6 {[%emt 0:00:28]} 13. b3 {[%emt 0:00:53]} d5 {[%emt 0:00:15]} 14. cxd5 {[%emt 0:11:41]} Bb4 {[%emt 0:00:23]} 15. Bd2 {[%emt 0:01:09]} Nxd5 {[%emt 0:00:15]} 16. Nxd5 {[%emt 0:05:25]} Bxd2+ {[%emt 0:00:05]} 17. Kxd2 {[%emt 0:00:05]} Bxd5 {[%emt 0:00:23]} 18. Rhe1 {[%emt 0:02:16]} O-O-O {[%emt 0:06:12]} 19. Kc3 {[%emt 0:01:22]} Rhe8 {[%emt 0:11:32]} 20. g3 {[%emt 0:05:28]} Kc7 {[%emt 0:01:45]} 21. Rad1 {[%emt 0:10:00]} Be6 {[%emt 0:09:07]} 22. Rxd8 {[%emt 0:08:33]} Rxd8 {[%emt 0:00:04]} 23. Bc4 {[%emt 0:01:03]} Bxc4 {[%emt 0:01:29]} 24. Kxc4 {[%emt 0:00:12]} Rd7 {[%emt 0:00:23]} 25. Re8 {[%emt 0:01:58]} h5 {[%emt 0:08:51]} 26. f3 {[%emt 0:14:23]} g6 {[%emt 0:22:23]} 27. a4 {[%emt 0:05:57]} Kb6 {[%emt 0:11:20]} 28. Rb8+ {[%emt 0:08:19]} Kc7 {[%emt 0:00:32]} 29. Rf8 {[%emt 0:00:33]} Re7 {[%emt 0:04:09]} 30. a5 {[%emt 0:01:06]} Kd6 {[%emt 0:07:15]} 31. b4 {[%emt 0:00:39]} Rb7 {[%emt 0:01:02]} 32. Rd8+ {[%emt 0:02:22]} Kc7 {[%emt 0:03:01]} 33. Rf8 {[%emt 0:00:07]} Kd6 {[%emt 0:00:04]} 34. Rd8+ {[%emt 0:00:06]} Kc7 {[%emt 0:00:04]} 35. Ra8 {[%emt 0:00:04]} Kd6 {[%emt 0:00:06]} 36. a6 {[%emt 0:05:06]} Rd7 {[%emt 0:04:42]} 37. g4 {[%emt 0:00:46]} hxg4 {[%emt 0:03:52]} 38. fxg4 {[%emt 0:00:02]} f5 {[%emt 0:00:17]} 39. Rg8 {[%emt 0:06:19]} fxg4 {[%emt 0:01:05]} 40. Rxg6+ {[%emt 0:00:04]} Kc7 {[%emt 0:00:13]} 41. Rxg4 {[%emt 0:12:28]} Rd1 {[%emt 0:01:04]} 42. h5 {[%emt 0:03:50]} Rh1 {[%emt 0:00:58]} 43. Rg5 {[%emt 0:00:16]} Kb6 {[%emt 0:00:52]} 44. Rc5 {[%emt 0:00:12]} Rh4+ {[%emt 0:00:37]} 45. Kc3 1/2-1/2

[Event "ESP chT Honor Division 2019"]
[Site "Melilla"]
[Date "2019.10.04"]
[Round "5.5"]
[White "Gines Esteo, Pedro Antonio"]
[Black "Ortega Hermida, Daniel"]
[Result "0-1"]
[WhiteElo "2451"]
[BlackElo "2341"]
[Annotator "ChessBase"]
[PlyCount "105"]
[EventDate "2019.09.30"]
[EventType "team-tourn"]
[EventCountry "ESP"]
[SourceTitle "playchess.com"]
[Source "ChessBase"]
[SourceQuality "1"]
[TimeControl "40/5400+30:1800+30"]

1. d4 {[%emt 0:00:00]} Nf6 {[%emt 0:00:00]} 2. Nf3 {[%emt 0:00:18]} e6 {[%emt 0:00:00]} 3. g3 {[%emt 0:02:14]} d5 {[%emt 0:01:43]} 4. Bg2 {[%emt 0:00:06]} Be7 {[%emt 0:00:06]} 5. O-O {[%emt 0:00:09]} O-O {[%emt 0:01:00]} 6. c4 {[%emt 0:00:05]} c6 {[%emt 0:00:36]} 7. Qc2 {[%emt 0:02:35]} b6 {[%emt 0:01:18]} 8. Bg5 {[%emt 0:02:48]} Bb7 {[%emt 0:07:23]} 9. Nbd2 {[%emt 0:09:53]} Nbd7 {[%emt 0:07:10]} 10. Rad1 {[%emt 0:06:53]} h6 {[%emt 0:05:32]} 11. Bxf6 {[%emt 0:07:34]} Nxf6 {[%emt 0:02:00]} 12. e4 {[%emt 0:04:20]} Rc8 {[%emt 0:01:49]} 13. Rfe1 {[%emt 0:10:57]} Qc7 {[%emt 0:03:27]} 14. c5 {[%emt 0:10:51]} bxc5 {[%emt 0:08:12]} 15. dxc5 {[%emt 0:00:06]} a5 {[%emt 0:00:20]} 16. a3 {[%emt 0:02:18]} Ba6 {[%emt 0:09:31]} 17. b4 {[%emt 0:01:06]} Rb8 {[%emt 0:00:06]} 18. Rb1 {[%emt 0:02:06]} axb4 {[%emt 0:04:28]} 19. axb4 {[%emt 0:00:05]} dxe4 {[%emt 0:00:12]} 20. Nxe4 {[%emt 0:00:06]} Nd5 {[%emt 0:00:07]} 21. Nd4 {[%emt 0:05:51]} Rb7 {[%emt 0:12:42]} 22. Qa4 {[%emt 0:15:59]} Bb5 {[%emt 0:04:55]} 23. Nxb5 {[%emt 0:02:41]} Rxb5 {[%emt 0:00:06]} 24. Bf1 {[%emt 0:00:14]} Rb7 {[%emt 0:00:10]} 25. Rec1 {[%emt 0:04:14]} Rfb8 {[%emt 0:03:59]} 26. b5 {[%emt 0:01:38]} cxb5 {[%emt 0:00:53]} 27. Rxb5 {[%emt 0:00:07]} Rxb5 {[%emt 0:01:53]} 28. Bxb5 {[%emt 0:00:01]} f5 {[%emt 0:11:15]} 29. Nd2 {[%emt 0:03:33]} Bg5 {[%emt 0:03:14]} 30. Rc2 {[%emt 0:05:38]} Bxd2 {[%emt 0:02:40]} 31. Rxd2 {[%emt 0:00:31]} Nc3 {[%emt 0:00:14]} 32. Qc4 {[%emt 0:00:17]} Nxb5 {[%emt 0:00:16]} 33. c6 {[%emt 0:00:41]} Qe5 {[%emt 0:00:54]} 34. Re2 {[%emt 0:00:34]} Nd6 {[%emt 0:02:46]} 35. Qxe6+ {[%emt 0:00:29]} Qxe6 {[%emt 0:00:07]} 36. Rxe6 {[%emt 0:00:04]} Nf7 {[%emt 0:00:52]} 37. Kg2 {[%emt 0:00:55]} Kf8 {[%emt 0:00:46]} 38. h4 {[%emt 0:00:06]} Rb3 {[%emt 0:02:39]} 39. h5 {[%emt 0:00:48]} Rc3 {[%emt 0:00:32]} 40. f4 {[%emt 0:00:24]} Rc5 {[%emt 0:00:25]} 41. Kf3 {[%emt 0:30:34]} Rc3+ {[%emt 0:03:44]} 42. Kg2 {[%emt 0:00:00]} Rd3 {[%emt 0:04:31]} 43. Kf2 {[%emt 0:00:00]} Rd6 {[%emt 0:02:00]} 44. c7 {[%emt 0:00:00]} Rd2+ {[%emt 0:00:13]} 45. Re2 {[%emt 0:00:00]} Rxe2+ {[%emt 0:00:07]} 46. Kxe2 {[%emt 0:00:00]} Nd6 {[%emt 0:00:03]} 47. Kd3 {[%emt 0:00:00]} Ke7 {[%emt 0:00:50]} 48. Kd4 {[%emt 0:00:00]} Ke6 {[%emt 0:00:27]} 49. Kc5 {[%emt 0:00:00]} Kd7 {[%emt 0:00:58]} 50. Kd5 {[%emt 0:00:00]} Ne4 {[%emt 0:00:34]} 51. g4 {[%emt 0:00:00]} Nf6+ {[%emt 0:00:12]} 52. Ke5 {[%emt 0:00:00]} fxg4 {[%emt 0:00:10]} 53. Kd4 0-1